| 000 | 00740cam a22002414a 4500 | ||
|---|---|---|---|
| 001 | 13582022 | ||
| 005 | 20250214163916.0 | ||
| 008 | 040504s2005 caua b 001 0 eng | ||
| 020 | _a053462460X (pbk.) | ||
| 020 | _a0534624626 (case) | ||
| 020 | _a0534624669 (looseleaf) | ||
| 020 | _a0534634184 (instructor's ed.) | ||
| 020 | _a9780534624620 | ||
| 050 | 0 | 0 |
_aBF121 _b.K26 2005 |
| 082 | 0 | 0 |
_a150 _221 |
| 100 | 1 | _aKalat, James W. | |
| 245 | 1 | 0 |
_aIntroduction to psychology / _cJames W. Kalat. |
| 250 | _a7th ed. | ||
| 260 |
_aBelmont, CA : _bThomson/Wadsworth, _cc2005. |
||
| 300 |
_a1 v. (various pagings) : _bill. (some col.) ; _c28 cm. + _e1 CD-ROM (4 3/4 in.) |
||
| 650 | 0 |
_aPsychology _vTextbooks. |
|
| 942 |
_2lcc _cBK _e7th Ed. _n0 |
||
| 999 |
_c3877 _d3877 |
||